00577cam a22002291 4500001001300000003000400013005001700017008004100034010001700075035002000092040001800112042001200130043001200142050001600154100004200170245002000212260001100232300002200243500001700265650004800282999001700330sa 64006923 DLC20260227112042.0890718s1963 ii 000 0 gujo  asa 64006923  a(OCoLC)20027176 aDLCcWaUdDLC apremarc aa-ii---00aPK1850b.B51 aBhayani, Harivallabh Chunilal,d1917-10aŚabdakathā. c[1963] a7, 164 p.c19 cm. aIn Gujarati. 0aGujarati literaturexHistory and criticism. c59946d59946